Mestiere di epigrafista: guida alla schedatura del materiale epigrafico lapideo
Збережено в:
| Автор: | |
|---|---|
| Формат: | Книга |
| Мова: | Італійська мова |
| Опубліковано: |
Roma
Edizioni Quasar
1987
|
| Редагування: | 1a. ed |
| Серія: | Vetera, 1
|
| Предмети: | |
| Теги: |
Додати тег
Немає тегів, Будьте першим, хто поставить тег для цього запису!
|
MARC
| LEADER | 00000cam a2200000 a 4500 | ||
|---|---|---|---|
| 001 | UCD9068 | ||
| 003 | CL-VaPUC | ||
| 008 | 170602e19870000it |||||||||||||||||ita|d | ||
| 020 | |a 8885020798 | ||
| 082 | 0 | 4 | |a 930.1028 |b DIS |2 21 |
| 100 | 0 | |a Di Stefano Manzella, Ivan |e author |9 592743 | |
| 245 | 1 | 0 | |a Mestiere di epigrafista: guida alla schedatura del materiale epigrafico lapideo |
| 250 | |a 1a. ed | ||
| 300 | |a 315 p | ||
| 942 | |c BK | ||
| 945 | |d 20170602 23:29:00 |a dcastane | ||
| 260 | |a Roma |b Edizioni Quasar |c 1987 | ||
| 650 | 7 | |a EPIGRAFIA LATINA |2 CL-VaPUC |9 439909 | |
| 650 | 7 | |a CONSERVACION Y RESTAURACION DE SITIOS HISTORICOS |2 CL-VaPUC |9 323387 | |
| 650 | 7 | |a SITIOS HISTORICOS |2 CL-VaPUC |9 323388 | |
| 583 | |a last modification |c 20170602 23:29:00 |k Rodrigo Vera | ||
| 490 | 0 | |a Vetera, 1 | |
| 999 | |c 368362 |d 368360 | ||
| 952 | |0 0 |1 0 |3 erb |4 0 |6 930_102800000000000_DIS_1987 |7 0 |8 A |9 483657 |a FDOLAF |b FDOLAF |e Laffi, Umberto, 1939- |i 5394775 |o 930.1028 DIS 1987 |p 5394775 |r 2024-01-30 |w 2019-11-24 |y BK |z Catalogado en:20170602 |k LAF | ||